000 00800nam a22002057a 4500
999 _c4195
_d4195
003 AR-CdUCM
008 190308b ||||| |||| 00| 0 spa d
040 _aMUNICIPALIDAD PROVINCIAL DEL CUSCO
_cBIBLIOTECA MUNICIPAL DEL CUSCO
082 _a869.56 /
_bA77
100 _aArrieta, Dimas
_913291
245 _aRecuento de las épocas memorables /
260 _aLima :
_bEdiciones Poiesis,
300 _a28 paginas ;
_c21 cm.
505 _aContenido :El sol brinca por los techos -- Como bordoneando una guitarra -- Conspirando contra una anunciación -- Rememorando el intento de un secuestro -- Recuerdo de las épocas memorables ...
650 _aProsas poéticas peruanas
_92094
650 _aLiteratura peruana
_9169
650 _aNovelas peruanas
_9545
942 _2ddc
_cLIBROS
945 _arum